Library of the University of Algiers 3
Ibrahim Sultan Cheibout
شعار جامعة الجزائر 3
مكتبة جامعة الجزائر 3
إبراهيم سلطان شيبوط

إدارة الأزمات الدولية المالية و الاقتصادية / (رقم التسجيلة. 43926)

تفاصيل مارك
000 -LEADER
fixed length control field 01958nam a2200265Ia 4500
003 - CONTROL NUMBER IDENTIFIER
control field Ost
005 - DATE AND TIME OF LATEST TRANSACTION
control field 20260507075321.0
008 - FIXED-LENGTH DATA ELEMENTS--GENERAL INFORMATION
fixed length control field 260507s9999||||xx |||||||||||||| ||und||
020 ## - INTERNATIONAL STANDARD BOOK NUMBER
International Standard Book Number 70888199579
040 ## - CATALOGING SOURCE
Transcribing agency fsecg
041 ## - LANGUAGE CODE
Language code of text/sound track or separate title ara
082 ## - DEWEY DECIMAL CLASSIFICATION NUMBER
Classification number 338.542
100 ## - MAIN ENTRY--PERSONAL NAME
Personal name الدليمي، حمد فواز
Relator term مؤلف
245 #0 - TITLE STATEMENT
Title إدارة الأزمات الدولية المالية و الاقتصادية /
Statement of responsibility, etc. حمد فواز الدليمي
260 ## - PUBLICATION, DISTRIBUTION, ETC.
Place of publication, distribution, etc. عمان:
Name of publisher, distributor, etc. دار جليس الزمان للنشر والتوزيع,
Date of publication, distribution, etc. 2011
300 ## - PHYSICAL DESCRIPTION
Extent 257 صفحة؛
Other physical details إيضاحات ؛
Dimensions 25 سم
504 ## - BIBLIOGRAPHY, ETC. NOTE
Bibliography, etc. note ببليوغرافيا: ص.249
520 ## - SUMMARY, ETC.
Summary, etc. المقدمة - الفصل الأول : ماهية الأزمات الدولية – الفصل الثانى : تشخيص اسباب الازمة الاقتصادية العالمية والامريكية – الفصل الثالث : الأزمات الدولية – الفصل الرابع : مقترحات لمعالجة الازمة المالية الدولية فى أمريكا – الفصل الخامس : المتغيرات المالية فى الازمة الدولية – الفصل السادس : صندوق النقد الدولى ودوره فى الازمات المالية – الفصل السابع : اضطراب الاسواق المالية العالمية – الفصل الثامن : أزمة المخالفات المصرفية والطرق الكفيلة لمعالجتها – الفصل التاسع : أزمة الدين العام الدولية وكيفية معالجتها – الفصل العاشر : أزمة الفساد المالى الدولى وكيفية علاجها
653 ## - INDEX TERM--UNCONTROLLED
Uncontrolled term إدارة الأزمات
653 ## - INDEX TERM--UNCONTROLLED
Uncontrolled term الإدارة
653 ## - INDEX TERM--UNCONTROLLED
Uncontrolled term الأزمات الاقتصادية
653 ## - INDEX TERM--UNCONTROLLED
Uncontrolled term الازمات الاقتصادية ــ إدارة
700 ## - ADDED ENTRY--PERSONAL NAME
Personal name دودين، أحمد يوسف
Relator term مؤلف ثانوي
942 ## - ADDED ENTRY ELEMENTS (KOHA)
Koha item type كتب
المقتنيات
Withdrawn status Lost status Source of classification or shelving scheme Damaged status Not for loan Home library Current library Date acquired Serial enumeration / chronology Inventory number Total checkouts Full call number Barcode Date last seen Price effective from Koha item type
    Dewey Decimal Classification   NOT LOAN / إعارة داخلية مكتبة كلية العلوم الإقتصادية والعلوم التجارية وعلوم التسيير مكتبة كلية العلوم الإقتصادية والعلوم التجارية وعلوم التسيير 07/05/2026 الطابق الأرضي 20224   أ/3962ن1 20224 07/05/2026 07/05/2026 كتب
    Dewey Decimal Classification   Available مكتبة كلية العلوم الإقتصادية والعلوم التجارية وعلوم التسيير مكتبة كلية العلوم الإقتصادية والعلوم التجارية وعلوم التسيير 07/05/2026 الطابق الأرضي 20225   أ/3962ن2 20225 07/05/2026 07/05/2026 كتب
    Dewey Decimal Classification   Available مكتبة كلية العلوم الإقتصادية والعلوم التجارية وعلوم التسيير مكتبة كلية العلوم الإقتصادية والعلوم التجارية وعلوم التسيير 07/05/2026 الطابق الأرضي 20226   أ/3962ن3 20226 07/05/2026 07/05/2026 كتب
    Dewey Decimal Classification   Available مكتبة كلية العلوم الإقتصادية والعلوم التجارية وعلوم التسيير مكتبة كلية العلوم الإقتصادية والعلوم التجارية وعلوم التسيير 07/05/2026 الطابق الأرضي 20227   أ/3962ن4 20227 07/05/2026 07/05/2026 كتب
    Dewey Decimal Classification   Available مكتبة كلية العلوم الإقتصادية والعلوم التجارية وعلوم التسيير مكتبة كلية العلوم الإقتصادية والعلوم التجارية وعلوم التسيير 07/05/2026 الطابق الأرضي 20228   أ/3962ن5 20228 07/05/2026 07/05/2026 كتب
    Dewey Decimal Classification   Available مكتبة كلية العلوم الإقتصادية والعلوم التجارية وعلوم التسيير مكتبة كلية العلوم الإقتصادية والعلوم التجارية وعلوم التسيير 07/05/2026 الطابق الثاني 20229   أ/3962ن6 20229 07/05/2026 07/05/2026 كتب
    Dewey Decimal Classification   Available مكتبة كلية العلوم الإقتصادية والعلوم التجارية وعلوم التسيير مكتبة كلية العلوم الإقتصادية والعلوم التجارية وعلوم التسيير 07/05/2026 الطابق الثاني 20230   أ/3962ن7 20230 07/05/2026 07/05/2026 كتب

موارد الويب المفتوحة


© University of Algiers 3 All Rights Reserved
|
Implemented by LECHELAH Riad